000 00376nam a22001577a 4500
003 OSt
005 20220310101903.0
008 220310b |||||||| |||| 00| 0 eng d
020 _a0750651059
040 _cHU
082 _a624.1834
100 _aNewman John (ED)
_928357
245 _aAdvanced Concrete Technology
260 _aAmsterdam
_bNew York
942 _2ddc
_cBOOKS
_n0
999 _c32489
_d32489